Pre-Cambrian rocks of Gunnison river, Colorado, (Record no. 26415)
[ view plain ]
| 000 -LEADER | |
|---|---|
| fixed length control field | 00970cam a22002651 4500 |
| 001 - CONTROL NUMBER | |
| control field | gs 25000400 |
| 003 - CONTROL NUMBER IDENTIFIER | |
| control field | DLC |
| 005 - DATE AND TIME OF LATEST TRANSACTION | |
| control field | 20260227111329.0 |
| 008 - FIXED-LENGTH DATA ELEMENTS--GENERAL INFORMATION | |
| fixed length control field | 760210s1925 dcu f000 0 eng |
| 010 ## - LIBRARY OF CONGRESS CONTROL NUMBER | |
| LC control number | gs 25000400 |
| 035 ## - SYSTEM CONTROL NUMBER | |
| System control number | (OCoLC)1982298 |
| 040 ## - CATALOGING SOURCE | |
| Original cataloging agency | DLC |
| Transcribing agency | IDeKN |
| Modifying agency | OCoLC |
| -- | DLC |
| 050 00 - LIBRARY OF CONGRESS CALL NUMBER | |
| Classification number | QE75 |
| Item number | .B9 no. 777 |
| 051 ## - LIBRARY OF CONGRESS COPY, ISSUE, OFFPRINT STATEMENT | |
| Classification number | QE445 |
| Item number | .H8 1925 |
| 100 1# - MAIN ENTRY--PERSONAL NAME | |
| Personal name | Hunter, John Frederick, |
| Dates associated with a name | 1888-1917. |
| 245 10 - TITLE STATEMENT | |
| Title | Pre-Cambrian rocks of Gunnison river, Colorado, |
| Statement of responsibility, etc. | by J. Frederick Hunter. |
| 260 ## - PUBLICATION, DISTRIBUTION, ETC. | |
| Place of publication, distribution, etc. | Washington, |
| Name of publisher, distributor, etc. | Govt. print. off., |
| Date of publication, distribution, etc. | 1925. |
| 300 ## - PHYSICAL DESCRIPTION | |
| Extent | vi, 94 p. |
| Other physical details | illus, xv pl. (incl. fold. map (in pocket)) |
| Dimensions | 23 cm. |
| 490 0# - SERIES STATEMENT | |
| Series statement | U.S. Geological survey. Bulletin 777 |
| 500 ## - GENERAL NOTE | |
| General note | At head of title: Department of the interior. |
| 500 ## - GENERAL NOTE | |
| General note | Issued also as thesis (Ph. D.) Johns Hopkins university, 1912. |
| 500 ## - GENERAL NOTE | |
| General note | Plates printed on both sides. |
| 650 #0 - SUBJECT ADDED ENTRY--TOPICAL TERM | |
| Topical term or geographic name entry element | Geology |
| Geographic subdivision | Colorado |
| -- | Gunnison River Valley. |
| 650 #0 - SUBJECT ADDED ENTRY--TOPICAL TERM | |
| Topical term or geographic name entry element | Geology, Stratigraphic |
| Chronological subdivision | Precambrian. |
No items available.